| Tag |
First Indicator |
Second Indicator |
Subfields |
| LEADER |
00000cam a2200000 4500 |
| 001 |
in00000043595 |
| 005 |
20151007074911.0 |
| 008 |
720505s1963 meua 00010 eng u |
| 010 |
|
|
|a 63013599
|
| 035 |
|
|
|a (OCoLC)00301750
|
| 035 |
|
|
|9 AAF2288AM
|
| 040 |
|
|
|c OSU
|d TXA
|d UtOrBLW
|
| 049 |
|
|
|a TXAM
|c [365608]
|
| 050 |
|
0 |
|a QL676
|b .M24
|
| 092 |
|
|
|a 636.6
|b M379h, 1963
|
| 100 |
1 |
|
|a Martin, Alfred G.
|
| 245 |
1 |
0 |
|a Hand-taming wild birds at the feeder /
|c With photos. and drawings by the author.
|
| 264 |
|
1 |
|a Freeport, Me. :
|b Bond Wheelwright Co.,
|c [1963]
|
| 300 |
|
|
|a 144 pages :
|b illustrations ;
|c 23 cm.
|
| 336 |
|
|
|a text
|b txt
|2 rdacontent
|
| 337 |
|
|
|a unmediated
|b n
|2 rdamedia
|
| 338 |
|
|
|a volume
|b nc
|2 rdacarrier
|
| 650 |
|
0 |
|a Birds.
|
| 999 |
|
|
|a MARS
|
| 999 |
f |
f |
|s 094096b4-69e6-3c90-a15c-f594e4b706e7
|i 590cbc99-5d10-3f26-849c-df6eb18ef577
|t 0
|
| 952 |
f |
f |
|p ric
|a Texas A&M University
|b Rellis Campus
|c Joint Library Facility
|d Remote Storage
|t 0
|e QL676 .M24
|h Library of Congress classification
|i unmediated -- volume
|m A14801093338
|
| 998 |
f |
f |
|a QL676 .M24
|t 0
|l Remote Storage
|